Central Library OPAC University of Rajshahi

Consumer theory / (Record no. 19072)

MARC details
000 -LEADER
fixed length control field 00755cam a2200277 a 4500
001 - CONTROL NUMBER
control field 19072
003 - CONTROL NUMBER IDENTIFIER
rucl marc code BD-RjUL
005 - DATE AND TIME OF LATEST TRANSACTION
control field 20211209000359.0
008 - FIXED-LENGTH DATA ELEMENTS--GENERAL INFORMATION
fixed length control field 140223s1976 enka b 001 0 eng
020 ## - INTERNATIONAL STANDARD BOOK NUMBER
International Standard Book Number 0333199413 :
International Standard Book Number 0333199421 (pbk.)
035 ## - SYSTEM CONTROL NUMBER
System control number (BD-RjUL)19130
System control number 2211382
040 ## - CATALOGING SOURCE
Original cataloging agency LC
Language of cataloging eng
Transcribing agency LC
Modifying agency ABN:SN
-- BD-RjUL
041 ## - LANGUAGE CODE
Language code of text/sound track or separate title eng
082 04 - DEWEY DECIMAL CLASSIFICATION NUMBER
Edition number 23
Classification number 339.47
Author mark and year GRC 1979
100 1# - MAIN ENTRY--PERSONAL NAME
Personal name Green, H. A. John.
9 (RLIN) 6064
245 10 - TITLE STATEMENT
Title Consumer theory /
Statement of responsibility, etc. H. A. John Green.
250 ## - EDITION STATEMENT
Edition statement Rev. ed.
260 ## - PUBLICATION, DISTRIBUTION, ETC. (IMPRINT)
Place of publication, distribution, etc. London :
Name of publisher, distributor, etc. Macmillan,
Date of publication, distribution, etc. c1979.
300 ## - PHYSICAL DESCRIPTION
Pagination 344 p. :
Illustrations ill. ;
Size 23 cm.
504 ## - BIBLIOGRAPHY, ETC. NOTE
Bibliography, etc Includes bibliographies and index.
650 #0 - SUBJECT ADDED ENTRY--TOPICAL TERM
Topical term or geographic name as entry element Consumption (Economics)
9 (RLIN) 58789
942 ## - ADDED ENTRY ELEMENTS (KOHA)
Source of classification or shelving scheme Dewey Decimal Classification
Koha item type Books
Holdings
Lost status Source of classification or shelving scheme Damaged status Not for loan Permanent Location Current Location Shelving location Date acquired Source of acquisition Cost, normal purchase price Total Checkouts Total Renewals Full call number Date last seen Date checked out Copy number Koha item type Collection code
  Dewey Decimal Classification     Central Library, University of Rajshahi Central Library, University of Rajshahi   19/05/1983 Heffers 6.95 4   339.47 GRC 1979 15/12/2021 15/12/2021 C-2 Books  
  Dewey Decimal Classification   Not For Loan Central Library, University of Rajshahi Central Library, University of Rajshahi Reading Room 15/06/1982 Heffer 3.50     339.47 GRC 1979 13/05/2017   C-1 Books Non-fiction